Dalits through the ages / (Record no. 193870)

MARC details
000 -LEADER
fixed length control field 00742nam a22001937a 4500
005 - DATE AND TIME OF LATEST TRANSACTION
control field 20230213155505.0
010 ## - LCCN (DPL NO)
LC control number B-746852-855 E.N.A./7.11.22
020 ## - INTERNATIONAL STANDARD BOOK NUMBER
International Standard Book Number 9788178441184
Terms of availability 995.00
035 ## - SYSTEM CONTROL NUMBER
System control number B-746852-855
037 ## - SOURCE OF ACQUISITION
Source of stock number/acquisition K.K.Publication
082 ## - DEWEY DECIMAL CLASSIFICATION NUMBER
Classification number 305.56
100 ## - MAIN ENTRY--PERSONAL NAME
Personal name Tippal, B.S.
245 ## - TITLE STATEMENT
Title Dalits through the ages /
Statement of responsibility, etc by B.S.Tippal
260 ## - PUBLICATION, DISTRIBUTION, ETC. (IMPRINT)
Place of publication, distribution, etc New Delhi
Name of publisher, distributor, etc K.K.Publications
Date of publication, distribution, etc 2022
270 ## - ADDRESS
Address 4806/24,Bharat Ram Road,Darya Ganj,
City New Delhi
Postal code 110002
300 ## - PHYSICAL DESCRIPTION
Extent 346p.
Dimensions 22cm(hbk)
942 ## - ADDED ENTRY ELEMENTS (KOHA)
Source of classification or shelving scheme Dewey Decimal Classification
Item type English Books
Call number suffix TIP
Classification part 305.56
Holdings
Withdrawn status Lost status Not for loan Collection code Home library Current library Date acquired Source of acquisition Cost, normal purchase price Full call number Barcode Copy number Cost, replacement price Koha item type
      Non-fiction Central Library Central Library 13/02/2023 K.K. Pub./IN251/28.11.22/171/23.11.22/2.12.22 995.00 305.56 TIP B-746852 1 995.00 English Books
      Non-fiction Patel Nagar Patel Nagar 13/02/2023 K.K. Pub./IN251/28.11.22/171/23.11.22/2.12.22 995.00 305.56 TIP B-746853 1 995.00 English Books
      Non-fiction Sarojini Nagar Sarojini Nagar 13/02/2023 K.K. Pub./IN251/28.11.22/171/23.11.22/2.12.22 995.00 305.56 TIP B-746854 1 995.00 English Books
      Non-fiction Shahdara Branch Shahdara Branch 13/02/2023 K.K. Pub./IN251/28.11.22/171/23.11.22/2.12.22 995.00 305.56 TIP B-746855 1 995.00 English Books

© Delhi Public Library
Hit Counter
free hit counter